AH International Schools' Libraries

InvestiGators: Agents of S.U.I.T. : From Badger to Worse / (Record no. 48225)

MARC details
000 -LEADER
fixed length control field 00404nam a2200121 4500
020 ## - INTERNATIONAL STANDARD BOOK NUMBER
International Standard Book Number 9781035015481
100 ## - MAIN ENTRY--PERSONAL NAME
Personal name Green, John Patrick,
Relator term author.
9 (RLIN) 82434
245 ## - TITLE STATEMENT
Title InvestiGators: Agents of S.U.I.T. : From Badger to Worse /
260 ## - PUBLICATION, DISTRIBUTION, ETC. (IMPRINT)
Place of publication, distribution, etc London:
Name of publisher, distributor, etc Macmillan Children's Books;
Date of publication, distribution, etc 2024.
300 ## - PHYSICAL DESCRIPTION
Extent 5.55 x 0.51 x 8.27 inches.
Dimensions 208 pages.
490 ## - SERIES STATEMENT
Series statement InvestiGators: Agents of S.U.I.T.
942 ## - ADDED ENTRY ELEMENTS (KOHA)
Source of classification or shelving scheme
Koha item type Book
Holdings
Withdrawn status Lost status Source of classification or shelving scheme Damaged status Not for loan Home library Current library Date acquired Total Checkouts Full call number Barcode Checked out Date last seen Date checked out Price effective from Koha item type
          Logos International School Logos International School 01/27/2025 15 J GRAPHIC GRE 040280 04/06/2026 03/27/2026 03/27/2026 01/27/2025 Book

For any Logos Library related questions please contact Miss Art at swongnarasuk@asianhope.org.

For any Asian Hope Library related questions please contact Miss Raza at graza@asianhope.org.

Powered by Koha